The impact of corporate level strategy on company performance : a case study of BP Malaysia /
Saved in:
| Main Author: | |
|---|---|
| Format: | Thesis |
| Language: | English |
| Published: |
Gombak :
Management Centre, International Islamic University Malaysia,
2008
|
| Subjects: | |
| Online Access: | http://studentrepo.iium.edu.my/handle/123456789/3304 |
| Tags: |
Add Tag
No Tags, Be the first to tag this record!
|
| LEADER | 017880000a22003730004500 | ||
|---|---|---|---|
| 001 | 431287 | ||
| 005 | 20090826083400.0 | ||
| 008 | 090406s2008 my g 000 0 eng d | ||
| 035 | |a (Sirsi) 431287 | ||
| 040 | |a UIAM |b eng | ||
| 043 | |a a-my--- | ||
| 050 | 0 | 0 | |a HD2768.M4 |
| 100 | 1 | |a Engriyani, Eny | |
| 245 | 1 | 4 | |a The impact of corporate level strategy on company performance : |b a case study of BP Malaysia / |c by Eny Engriyani |
| 260 | |a Gombak : |b Management Centre, International Islamic University Malaysia, |c 2008 | ||
| 300 | |a viii, 113 leaves ; |c 30 cm. | ||
| 500 | |a "Project paper submitted in partial fulfillment of the requirements for the Degree of Master of Business Administration, Management Cente, International Islamic University Malaysia."--On t.p. | ||
| 502 | |a Thesis (MBA)--International Islamic University Malaysia, 2008. | ||
| 504 | |a Includes bibliographical references. | ||
| 596 | |a 1 | ||
| 610 | 2 | 4 | |a BP Malaysia Sdn. Bhd. |
| 650 | 0 | |a Corporations, Malaysian |x Management | |
| 650 | 0 | |a Corporations |z Malaysia | |
| 650 | 0 | |a Corporate governence |z Malaysia | |
| 650 | 0 | |a Corporate governance |x Case studies | |
| 650 | 0 | |a Corporations |x Management | |
| 655 | 0 | 7 | |a Theses, IIUM local |
| 690 | 0 | |a Dissertations, Academic |x Management Centre |z IIUM | |
| 710 | 2 | |a International Islamic University Malaysia. |b Management Centre | |
| 856 | 4 | |u http://studentrepo.iium.edu.my/handle/123456789/3304 | |
| 900 | |a bib fmy-ajt-rmb | ||
| 999 | |c 433333 |d 463575 | ||
| 952 | |0 0 |6 T HD 002768 M4E58I 2008 |7 0 |8 THESES |9 755176 |a IIUM |b IIUM |c MULTIMEDIA |g 0.00 |o t HD2768M4E58I 2008 |p 00011064415 |r 2017-10-19 |t 1 |v 0.00 |y THESIS | ||
| 952 | |0 0 |6 TS CDF HD2768M4E58I 2008 |7 0 |8 THESES |9 833356 |a IIUM |b IIUM |c MULTIMEDIA |g 0.00 |o ts cdf HD2768M4E58I 2008 |p 11100325883 |r 2017-10-26 |t 1 |v 0.00 |y THESISDIG | ||
